MARC

Tag First Indicator Second Indicator Subfields
LEADER 00000cam a2200000 a 4500
001 in00000002494
005 20151007050712.0
008 970808s1997 dcuabo b f000 0 eng d
035 |a (OCoLC)37438176 
035 |9 AJD0997AM 
040 |d CNO  |d CLU  |d AGL  |d GPO  |d DLC  |d MvI  |d UtOrBLW 
043 |a n-us-ak 
049 |a UDOC 
070 0 |a QH541.15.M26A44  |b 1996 
072 0 |a M300 
074 |a 0612 
086 0 |a I 49.2:W 53/21 
090 |a QH541.15.M26  |b H35 1996 
245 0 0 |a Alaska wetlands & hydrography :  |b final report of the Alaska Wetlands GATF Project /  |c prepared for Government Applications Task Force (GATF) Environmental Program, Central Intelligence Agency (CIA), and Civil Applications Committee (CAC) ; prepared by Jonathan V. Hall ... [and others]. 
246 3 |a Alaska wetlands and hydrography 
264 1 |a Anchorage, Alaska :  |b U.S. Fish & Wildlife Service, Alaska Region,  |c [1997] 
300 |a i, 39 pages :  |b color illustrations, color map, color photographs ;  |c 28 cm. 
336 |a text  |b txt  |2 rdacontent 
337 |a unmediated  |b n  |2 rdamedia 
338 |a volume  |b nc  |2 rdacarrier 
500 |a Shipping list number: 97-0225-P. 
500 |a "December 1996." 
504 |a Includes bibliographical references: (page 33). 
500 |a "This report presents information and conclusions on the Alaska Wetlands GATF Pilot Project. This report was a collaborative effort of several agencies and was made possible by the Intelligence Community's Environmental Program, Government Applications Task Force (EP/GATF) and the Civil Applications Committee (CAC). The report focuses on procedures used by the Fish and Wildlife Service (FWS) and the Bureau of Land Management (BLM) to employ Intelligence Community (IC) National Systems imagery for inventorying wetlands, documenting wetland trends (losses and gains), and identifying boundaries of hydrographic features"--P. 1. 
650 0 |a Ecological mapping  |z Alaska. 
650 0 |a Environmental mapping  |z Alaska. 
650 0 |a Wetlands  |z Alaska. 
650 0 |a Hydrography  |z Alaska. 
700 1 |a Hall, Jonathan V. 
710 2 |a U.S. Fish and Wildlife Service.  |b Region 7. 
710 1 |a United States.  |b Bureau of Land Management. 
710 1 |a United States.  |b Central Intelligence Agency.  |b Government Applications Task Force. 
710 1 |a United States.  |b Central Intelligence Agency.  |b Environmental Program. 
710 1 |a United States.  |b Civil Applications Committee. 
999 |a MARS 
999 f f |s 2feeafa8-4391-3c51-a776-cb0327bd8d01  |i a1bb8422-0eaf-3994-bdcb-e436aa69e55c  |t 0 
952 f f |p normal  |a Texas A&M University  |b College Station  |c Sterling C. Evans Library  |d Evans: US Documents (Annex 5th floor)  |t 0  |e I 49.2:W 53/21  |h Superintendent of Documents classification  |i unmediated -- volume  |m A14826655090 
998 f f |a I 49.2:W 53/21  |t 0  |l Evans: US Documents (Annex 5th floor)